| 000 | 00644nam a2200205Ia 4500 | ||
|---|---|---|---|
| 005 | 20260429112339.0 | ||
| 008 | 260429s9999||||xx |||||||||||||| ||und|| | ||
| 020 | _a9788180314902 | ||
| 041 | _aHindi | ||
| 082 |
_a891.431 _bBAH |
||
| 100 | _aबाहरी, हरदेव | ||
| 245 | 0 |
_aसूरसागर सटीक / _cहरदेव बाहरी |
|
| 250 | _a0 | ||
| 260 |
_aप्रयागराज : _bलोकभारती प्रकाशन, _c2021. |
||
| 300 | _a513 p.; Hb | ||
| 440 | _vभाग-1 | ||
| 650 | _aHindi poetry-study | ||
| 700 | _a कुमार, राजेंद्र | ||
| 942 | _cTB | ||
| 999 |
_c53624 _d53624 |
||